Journal for the Study of the Historical Jesus.

محفوظ في:

التنسيق: دورية

اللغة: Undetermined

الموضوعات:

الوصول للمادة أونلاين: Login to view Source

الوسوم: إضافة وسم

لا توجد وسوم, كن أول من يضع وسما على هذه التسجيلة!

رقم الطلب:

LEADER 00536nms a2200181Ia 4500
005 20240402055129.0
008 240131s9999||||xx |||||||||||||||||und||
999 |c 56485  |d 56485 
022 |a 1476-8690 
022 |a 1745-5197 
245 0 0 |a Journal for the Study of the Historical Jesus. 
336 |2 rdacontent  |a text  |b txt 
337 |2 rdamedia  |a unmediated  |b n 
338 |2 rdacarrier  |a volume  |b n 
500 |a BRILLBRILLJ 
650 4 |a The historical Jesus. 
856 |z JSHJ  |u https://brill.com/view/journals/jshj/jshj-overview.xml 
942 |2 lcc  |c EJL